000 00391 a2200121 4500
100 1 _aHoffman, Kenneth.
_eAutor
700 1 _aKunze, Ray.
_eAutor
245 0 _aLinear Algebra /
_cHoffman Kenneth, Kunze Ray.
710 2 _aPrentice-Hall.
_eWydawca
_4pbl
260 _aEnglewood Cliffs, N.J. :
_bPrentice-Hall,
_c1961.
300 _aIX, 332 s.;
_c25 cm.
490 1 _aIEE Monograph Series
830 0 _aIEE Monograph Series
999 _c6394
_d6394